000
00250nam a2200097Ia 4500
001
691228
005
20250826161831.0
008
250824s9999 xx 000 0 und d
245
0
_a
YALNIZLIĞIMA DOKUN
_c
AHMED GÜNBAY YILDIZ
260
_b
TİMAŞ YAYINLARI
999
_c
691228
_d
691228